000 00456nam a22001577a 4500
005 20251108172159.0
008 250721s1955 xx 000 0 ara d
082 1 4 _aق/خمر
100 1 _aالخمرة، أنس
_eمؤلف
245 1 0 _aروائع من الأدب الإنكليزي و الأمريكي /
264 1 _aعمان :
_bالمؤلف،
_c1955.
300 _a62ص
650 1 7 _aالقصص العربية
942 _2ddc
_cBK
999 _c72495
_d72495